000 00648nam a22001697a 4500
999 _c15265
_d15265
008 200312b ||||| |||| 00| 0 eng d
082 _22019
_aUT 1466
_bAr32
100 _aArellano, Christine C.
_942091
245 _aSocial Anxiety Among Preschoolers as Perceived by the Parents/
_cChristine C. Arellano, Arsenio R. Capitan Jr. & Irish Dianne A. Dano
260 _aDigos City
_bUMDC
_cNovember 2019
300 _a62
_c30cm
650 _aTeacher Education
_vGeneralist
_xUndergraduate Thesis
_942092
700 _aArellano, Christine C.
_942091
700 _aCapitan, Arsenio Jr. R
_942093
700 _aDamo, Irish Dianne A.
_942094
942 _2ddc
_cUT